Low inflation implications for the FSA
Guardado en:
| Autor principal: | |
|---|---|
| Otros Autores: | |
| Formato: | Libro |
| Lenguaje: | inglés |
| Publicado: |
London
Financial Services Authority
2001
|
| Colección: | Occasional Paper Series
FSA Occasional Paper 14 |
| Materias: | |
| Etiquetas: |
Sin Etiquetas, Sea el primero en etiquetar este registro!
|
MARC
| LEADER | 00000nam a2200000 4500 | ||
|---|---|---|---|
| 001 | c125135 | ||
| 005 | 20221221091526.5 | ||
| 041 | 0 | |a eng | |
| 044 | |a GB | ||
| 245 | 1 | 0 | |a Low inflation |b implications for the FSA |c Ed Harley, Stephen Davies |
| 264 | 1 | |a London |b Financial Services Authority |c 2001 | |
| 300 | |a 73 s. | ||
| 490 | 1 | |a Occasional Paper Series |v FSA Occasional Paper 14 | |
| 830 | 0 | |a Occasional Paper Series |v FSA Occasional Paper 14 | |
| 610 | 2 | 0 | |a inflácia |
| 610 | 2 | 0 | |a spotrebitelia |
| 610 | 2 | 0 | |a produkty |
| 610 | 2 | 0 | |a poistenie |
| 610 | 2 | 0 | |a politika finančná |
| 100 | 1 | |a Harley, Ed | |
| 700 | 1 | |a Davies, Stephen | |